Cơ sở thiết kế hệ thống thông tin tính toán
Nguyên tắc cơ bản trong cấu trúc, thiết kế hệ thống thông tin tính toán; Những phương pháp thiết kế tổ hợp các phương tiện kỹ thuật, bảo đảm về phương pháp và tổ chức trong xây dựng hệ thống thông tin tính toán
Zapisane w:
| 1. autor: | |
|---|---|
| Kolejni autorzy: | |
| Format: | Książka |
| Język: | Vietnamese |
| Wydane: |
H.
Thống kê
1982
|
| Hasła przedmiotowe: | |
| Etykiety: |
Dodaj etykietę
Nie ma etykietki, Dołącz pierwszą etykiete!
|
| Thư viện lưu trữ: | Mạng thư viện Đại học Đà Nẵng |
|---|
| LEADER | 01477nam a2200361 4500 | ||
|---|---|---|---|
| 001 | 000009615 | ||
| 003 | 5812 | ||
| 005 | 20111031091054.0 | ||
| 008 | 111031s1982 viesd | ||
| 020 | |c 25000đ | ||
| 041 | 0 | |a vie | |
| 082 | |a 004.21 |b UK-E | ||
| 100 | 0 | |a Evsiukob, K.N. | |
| 245 | 0 | |a Cơ sở thiết kế hệ thống thông tin tính toán |c K.N. Evsiukob, K.K. Kolin ; Dịch: Nguyễn Công Hoà, Trần Tất Hợp | |
| 260 | |a H. |b Thống kê |c 1982 | ||
| 300 | |a 335tr |c 19 cm | ||
| 520 | |a Nguyên tắc cơ bản trong cấu trúc, thiết kế hệ thống thông tin tính toán; Những phương pháp thiết kế tổ hợp các phương tiện kỹ thuật, bảo đảm về phương pháp và tổ chức trong xây dựng hệ thống thông tin tính toán | ||
| 653 | |a Thông tin | ||
| 653 | |a Tự động hoá | ||
| 653 | |a Hệ thống thông tin | ||
| 653 | |a Điều khiển học | ||
| 700 | |a Trần Tất Hợp |e Dịch | ||
| 910 | |a Huỳnh Thị Cẩm Lai |d 31/10/2011 | ||
| OWN | |a LSP | ||
| AVA | |a UDN50 |b LSP |d 004.21 UK-E |e available |t Error 5001 Not defined in file expand_doc_bib_avail. |f 2 |g 0 |h N |i 0 |k 1 | ||
| 999 | |a From the UDN01 | ||
| AVA | |a UDN50 |b LSP |d 004.21 UK-E |e available |t Error 5001 Not defined in file expand_doc_bib_avail. |f 2 |g 0 |h N |i 0 |k 1 | ||
| TYP | |a Monograph | ||
| TYP | |a Printed language | ||
| 980 | |a Mạng thư viện Đại học Đà Nẵng | ||